Psicoterapia para el médico práctico / (Registro nro. 148211)

Detalles MARC
000 -LEADER
campo de control de longitud fija 00827nam a2200229 4500
001 - NÚMERO DE CONTROL
campo de control 148211
003 - IDENTIFICADOR DE NÚMERO DE CONTROL
campo de control ES-MaACL
005 - FECHA Y HORA DE LA ÚLTIMA TRANSACCIÓN
campo de control 20231205205049.0
007 - CAMPO FIJO DE DESCRIPCIÓN FÍSICA--INFORMACIÓN GENERAL
campo de control de longitud fija t|
008 - DATOS DE LONGITUD FIJA--INFORMACIÓN GENERAL
campo de control de longitud fija 070214s1964 sp r ||||1| spa d
100 1# - ENTRADA PRINCIPAL--NOMBRE DE PERSONA
Nombre de persona Stokvis, Berthold.
9 (RLIN) 108283
245 10 - MENCIÓN DEL TÍTULO
Título Psicoterapia para el médico práctico /
Mención de responsabilidad, etc. Berthold Stokvis ; [traducción y notas del Dr. A. Linares Maza ; prólogo del doctor J. Rof Carballo].
250 ## - MENCION DE EDICION
Mención de edición 1ª ed.
260 ## - PUBLICACIÓN, DISTRIBUCIÓN, ETC.
Lugar de publicación, distribución, etc. Madrid :
Nombre del editor, distribuidor, etc. Morata,
Fecha de publicación, distribución, etc. [1964] (
Fabricante Samarán)
300 ## - DESCRIPCIÓN FÍSICA
Extensión 4h., 157 p. ;
Dimensiones 21 cm.
500 ## - NOTA GENERAL
Nota general Traducción de: Psichotherapie für den praktischen Artz.
700 1# - ENTRADA AGREGADA--NOMBRE PERSONAL
Nombre de persona Linares Maza, Antonio.
9 (RLIN) 72351
700 1# - ENTRADA AGREGADA--NOMBRE PERSONAL
Nombre de persona Rof Carballo, Juan,
Fechas asociadas al nombre 1905-1994
9 (RLIN) 98915
740 0# - ENTRADA AGREGADA--TÍTULO RELACIONADO/ANALÍTICO NO CONTROLADO
Título relacionado o analítico no controlado Psichotherapie für den praktischen Artz.
852 ## - LOCALIZACIÓN
Ubicación ES-MaACL
Número de control de estantería C-24630
Sublocalización o colección R.53436
Existencias
Estatus retirado Estado de pérdida Estado de daño No para préstamo Biblioteca de origen Biblioteca actual Ubicación en estantería Fecha de adquisición Fuente de adquisición Total de préstamos Signatura topográfica completa Código de barras Visto por última vez Precio de reemplazo Tipo de ítem Koha
        Biblioteca del Ateneo de Madrid Biblioteca del Ateneo de Madrid Depósito 2 17/01/2008     C-24630 1154673 23/02/2023 23/02/2023 Libro impreso